Trouve le pilote de F1 (lettre S) - Statistiques

Statistiques générales
  • Ce quiz a été pris 46 fois
  • Le résultat moyen est 9 sur 15
Statistiques - réponses
Par images Réponse % Correct
Carlos Sainz
100%
Lance Stroll
92%
Michael Schumacher
89%
Ayrton Senna
84%
Logan Sargeant
84%
Mick Schumacher
76%
Jackie Stewart
66%
Ralf Schumacher
53%
Bruno Senna
45%
Jody Scheckter
45%
John Surtees
42%
Takuma Satō
37%
Adrian Sutil
32%
Mika Salo
26%
Joseph Siffert
13%
Aucun quiz correspondant
Distribution des résultats
% des personnes avec chaque résultat
Percentile par nombre de réponses
Votre historique - résultats
Vous n’avez pas pris ce quiz